La reforma constitucional, ¿hacia un nuevo pacto constituyente? (Record no. 189056)

MARC details
000 -LEADER
campo de control de longitud fija 01153nam a2200265 i 4500
001 - NÚMERO DE CONTROL
campo de control 189056
003 - IDENTIFICADOR DE NÚMERO DE CONTROL
campo de control SpMaBN
005 - FECHA Y HORA DE LA ÚLTIMA TRANSACCIÓN
campo de control 20250831120726.0
008 - DATOS DE LONGITUD FIJA--INFORMACIÓN GENERAL
campo de control de longitud fija 190326s2009 sp |||| | spa d
020 ## - NÚMERO INTERNACIONAL ESTÁNDAR DEL LIBRO
Número Internacional Estándar del Libro 978-84-259-1465-2
080 ## - NÚMERO DE LA CLASIFICACIÓN DECIMAL UNIVERSAL
Número de la Clasificación Decimal Universal 342.565.2(460)(063)
080 ## - NÚMERO DE LA CLASIFICACIÓN DECIMAL UNIVERSAL
Número de la Clasificación Decimal Universal 342.4.047(460)(063)
110 1# - ENTRADA PRINCIPAL--NOMBRE DE ENTIDAD CORPORATIVA
Nombre de entidad corporativa o nombre de jurisdicción como elemento de entrada España.
Unidad subordinada Tribunal Constitucional.
-- Asociación de Letrados.
-- Jornadas (
Número del congreso/reunión o número de parte o sección 14ª.
Fecha del congreso o de la firma del tratado 2008.
Sede del congreso/Lugar de la reunión Bilbao)
9 (RLIN) 166693
245 13 - MENCIÓN DEL TÍTULO
Título La reforma constitucional, ¿hacia un nuevo pacto constituyente?
Resto del título : actas de las XIV Jornadas de la Asociación de Letrados del Tribunal Constitucional.
260 ## - PUBLICACIÓN, DISTRIBUCIÓN, ETC.
Lugar de publicación, distribución, etc. Madrid :
Nombre del editor, distribuidor, etc. Tribunal Constitucional :
-- Centro de Estudios Políticos y Constitucionales,
Fecha de publicación, distribución, etc. 2009.
300 ## - DESCRIPCIÓN FÍSICA
Extensión 511 p. ;
Dimensiones 22 cm.
490 1# - MENCIÓN DE SERIE
Mención de serie Cuadernos y debates ;
Designación de volumen o secuencia 198
650 #7 - PUNTO DE ACCESO ADICIONAL DE MATERIA--TÉRMINO DE MATERIA
Término de materia o nombre geográfico como elemento de entrada Reforma constitucional-
Subdivisión geográfica España
Fuente del encabezamiento o término
9 (RLIN) 138447
710 2# - ENTRADA AGREGADA--NOMBRE DE ENTIDAD CORPORATIVA
Nombre de entidad corporativa o nombre de jurisdicción como elemento de entrada Centro de Estudios Políticos y Constitucionales (España)
9 (RLIN) 2666
710 1# - ENTRADA AGREGADA--NOMBRE DE ENTIDAD CORPORATIVA
Nombre de entidad corporativa o nombre de jurisdicción como elemento de entrada España.
Unidad subordinada Tribunal Constitucional.
9 (RLIN) 4001
830 0# - PUNTO DE ACCESO ADICIONAL DE SERIE-TÍTULO UNIFORME
Título uniforme Cuadernos y debates ;
Designación de volumen o secuencia 198
9 (RLIN) 180619
852 ## - LOCALIZACIÓN
Ubicación ES-MaACL
Número de control de estantería A-14444
itemnumber 196193
Sublocalización o colección R.151839
Ubicación en estantería Depósito 1
Signatura antigua Olim: N-7444
942 ## - ELEMENTOS DE ENTRADA SECUNDARIOS (KOHA)
Fuente del sistema de clasificación o colocación Clasificación decimal universal
Tipo de ítem Koha Libro impreso
Holdings
Estatus retirado Estado de pérdida Fuente del sistema de clasificación o colocación Estado de daño No para préstamo Biblioteca de origen Biblioteca actual Ubicación en estantería Fecha de adquisición Fuente de adquisición Total de préstamos Signatura topográfica completa Código de barras Visto por última vez Precio de reemplazo Tipo de ítem Koha
    Clasificación decimal universal     Biblioteca del Ateneo de Madrid Biblioteca del Ateneo de Madrid Depósito 1 26/03/2019 Donación   A-14444 1200228 23/02/2023 23/02/2023 Libro impreso